Party na Ibize /

Hlavní autor: Groot, Anne de
Další autoři: Lídlová, Ema
Jazyk: Čeština
Vydáno: Praha : I. Železný, 1993
Vydání: 1. vyd.
Edice: Něžné hry
Knihy o lásce a milování
Fyzický popis: 125 s.
Knihy
Uloženo v:
LEADER 00918nam a2200301 a 4500
001 000008313
003 CZ BrMZK
005 19940210143423.0
007 ta
008 940107s1993 xr f cze d
020 |a 80-237-0685-3  |c 19.90 
040 |a BOA001  |b cze 
080 |a 82-312.5=850  |2 MRF 
100 1 |a Groot, Anne de  |7 jx20040130001 
245 1 0 |a Party na Ibize /  |c Anne de Grootová ; Z něm. orig. přel. Ema Lídlová 
250 |a 1. vyd. 
260 |a Praha :  |b I. Železný,  |c 1993 
300 |a 125 s. 
490 1 |a Něžné hry ;  |v 11 
490 1 |a Knihy o lásce a milování ;  |v 87 
700 1 |a Lídlová, Ema  |7 jx20051018044 
765 0 |t Party auf Ibiza 
830 0 |a Něžné hry 
830 0 |a Knihy o lásce a milování 
910 |a BOA001  |b 1-0995.408 
962 |a 82-31 
990 |a BK 
996 6 |b 2610004442  |c 1-0995.408  |l MZK  |r Sklad / do 1 hodiny  |n 0  |p p.v.  |w 000008313  |u 000010  |a 1  |e BOA001  |j MZK50  |s P